| 000 | 01145cab a2200205 4500 | ||
|---|---|---|---|
| 001 | ABS37851 | ||
| 008 | 090401t1987 xxu||||| |||| 00| 0 eng d | ||
| 035 | _a(Sirsi) u7148 | ||
| 041 | _aeng | ||
| 100 | _aMynors, C. | ||
| 245 | _aListed buildings and conservation areas : the Housing and Planning Act 1986 and other recent developments | ||
| 260 | _c1987 | ||
| 350 | _a0 | ||
| 490 |
_aJournal of Planning and Environment Law _v(1987) JPL 396-419(24) |
||
| 520 | _aThe Housing and Planning Act 1986 has brought about changes to the law relating to listed buildings and conservation areas. In addition to these changes to primary legislation, a new set of regulations, Town and Country Planning (Listed Buildings and Buildings in Conservation Areas) Regulations 1987 have been made to replace the 1977 regulations. A major new circular (8/87) has also been produced by the DOE. This article describes the effects of these and other relevant changes in legislation and also comments on recent judicial decisions in this field. | ||
| 650 | _aDOE CIRCULAR 08/1987 | ||
| 690 | _aPLANNING LAW AND PRACTICE | ||
| 942 | _n0 | ||
| 948 | _c04/03/1997 | ||
| 999 |
_c4273 _d4273 |
||